Регионална библиотека "Любен Каравелов" - Русе

Пътищата, които избираме (Запис номер 326808)

MARC детайли
000 -Лидер
Контролно поле с фиксирана дължина nam a22 7a 4500
003 - Код на организацията, давaща контролен номер
Контролно поле BLK
005 - Дата и час на последна редакция
Контролно поле 20201007040524.0
008 - Елементи от данни с фиксирана дължина
fixed length control field 181127b bu ||||| |||| 00| 0 bu d
040 ## - Източник на каталожния запис
Идентификатор на билиотеката - собственик на записа BLK
041 ## - Код за език
Код за езика на текст/звукозапис или на отделно заглавие Български
Код за езика КДБФ Български
100 ## - Редна дума - Автор
Автор Ерна, Съли
Авторска отговорност първи автор
R(LIN) 1299
139 ## - Редно поле
Редна дума Ерна, Съли
Авторски знак Ерн - Е 82
245 ## - Сведения за заглавието
Заглавие Пътищата, които избираме
Редно поле (дума) Съли Ерна
260 ## - Област на издателските данни
9 (RLIN) 219755
Място на издаване, разпространение и проч. София
Име на издателя, разпространителя и проч. Сиела
Година на издаване 2018
300 ## - Физическа характеристика
Страници 240 с.
Размери/Мащаб 22 см
380 ## - Жанр
Жанр Худож. лит.
852 ## - Местоположение
Фондова буква Заемна - подръчен фонд
Систематично-азбучна сигнатура П 820(73)-31/Е 82
999 ## - СИСТЕМНИ КОНТРОЛНИ НОМЕРА
Koha biblionumber 326808
Koha biblioitemnumber 326808
942 ## - АРТИКУЛИ
Вид на библиотечния материал Книги
Скрит в OPAC Не
Koha issues (borrowed), all copies 7
Наличности
Код за отписване Код за изгубен артикул Източник на класификационната схема Код за повреда Коз за рестрикции Код за отдаване Артикулен № Име на библиотеката - собственик Име на библиотеката, в която се намира в момента Статус (Текущо местоположение) Дата на вписване в системата Местоположение - отдел Цена в лева Инвентарен номер Систематично азбучна сигнатура Баркод Цена в евро Служебен тип на артикула
  Не е изгубен Universal Decimal Classification Не е повреден без рестрикции заемане за дома 683753 Регионална библиотека "Любен Каравелов" Русе Регионална библиотека "Любен Каравелов" Русе Заемна - подръчен фонд 2018-12-03 Заемна - подръчен фонд 12.00 120000826367 П 820(73)-31/Е 82 120000826367 6.14 Книги
Vip Innovations Ltd, Rousse, Bulgaria 2025